| 000 | 00575nam a2200181Ia 4500 | ||
|---|---|---|---|
| 003 | IN-BaIIA | ||
| 008 | 211028s9999 xx 000 0 eng d | ||
| 040 | _cIIA Library | ||
| 080 |
_a519.682(035) _bTUR |
||
| 110 |
_aIndian institute of Science _95245 |
||
| 245 | 0 |
_aTurbo Pascal version 2.0 reference manual _cIndian institute of Science |
|
| 260 |
_aBangalore _bDigital Systems and Microprocessor Lab |
||
| 300 | _axii, 259p. | ||
| 650 | _aComputer Programming | ||
| 650 | _aNASA Thesaurus | ||
| 650 |
_aTurbo Pascal _915220 |
||
| 942 | _cBK | ||
| 999 |
_c9050 _d9050 |
||